KOHA-Header-6

Pocket International Encyclopedia of Business and Management (Record no. 9461)

000 -LEADER
fixed length control field 00280nam a2200109Ia 4500
020 ## - INTERNATIONAL STANDARD BOOK NUMBER
ISBN 978-1861521132
100 ## - MAIN ENTRY--AUTHOR NAME
Personal name Malcolm Warner
245 #0 - TITLE STATEMENT
Title Pocket International Encyclopedia of Business and Management
260 ## - PUBLICATION, DISTRIBUTION, ETC. (IMPRINT)
Place of publication New Jersey
Name of publisher Thomson South
Year of publication 1993
300 ## - PHYSICAL DESCRIPTION
Number of Pages 1006
942 ## - ADDED ENTRY ELEMENTS (KOHA)
Koha item type Books
Holdings
Withdrawn status Lost status Permanent Location Current Location Date acquired Full call number Accession Number Koha item type
    MAJU MAJU 2019-09-14 658.15 5220 Books

Powered by Koha